书目信息 |
| 题名: |
建筑装饰施工与管理
|
|
| 作者: | 张长友 主编 ;沈百禄 , 高志通 编 | |
| 分册: | ||
| 出版信息: | 北京 中国建筑工业出版社 2004.02 |
|
| 页数: | 365页 | |
| 开本: | 26cm | |
| 丛书名: | 普通高等教育"十五"国家级规划教材 | |
| 单 册: | ||
| 中图分类: | TU767 | |
| 科图分类: | ||
| 主题词: | 建筑装饰--工程施工--施工管理--高等学校--教材 | |
| 电子资源: | ||
| ISBN: | 7-112-06166-0 | |
| 000 | 01131nam 2200301 450 | |
| 001 | 010256589411 | |
| 005 | 20201024102850.91 | |
| 010 | @a7-112-06166-0@dCNY32.00 | |
| 100 | @a20050727d2004 km y0chiy0120 ea | |
| 101 | 0 | @achi |
| 102 | @aCN@b110000 | |
| 105 | @aa a 000yy | |
| 200 | 1 | @a建筑装饰施工与管理@Ajian zhu zhuang shi shi gong yu guan li@f张长友主编@Fzhang chang you zhu bian@g沈百禄, 高志通编@Gshen bai lu,gao zhi tong bian |
| 205 | @a2版 | |
| 210 | @a北京@c中国建筑工业出版社@d2004.02 | |
| 215 | @a365页@c图@d26cm | |
| 225 | 2 | @a普通高等教育"十五"国家级规划教材@e教育部高职高专规划教材 |
| 320 | @a有书目 (第365页)。 | |
| 330 | @a本书讲述了墙面和柱面装饰工程、顶棚装饰工程、门窗装饰工程等建筑装饰施工技术,并阐述了建筑装饰施工组织与管理的内容。 | |
| 333 | @a建筑装饰技术专业适用 | |
| 410 | 0 | @12001 @a普通高等教育"十五"国家级规划教材 |
| 606 | 0 | @a建筑装饰@x工程施工@x施工管理@x高等学校@x教材 |
| 690 | @aTU767@v4 | |
| 701 | 0 | @a张长友@Azhang chang you@4主编 |
| 702 | 0 | @a沈百禄@Ashen bai lu@4编 |
| 702 | 0 | @a高志通@Agao zhi tong@4编 |
| 801 | 0 | @aCN@bQSSK@c20110402 |
| 905 | @a10447@dTU767@eZ088 | |
| 建筑装饰施工与管理/张长友主编/沈百禄, 高志通编.-2版.-北京:中国建筑工业出版社,2004.02 |
| 365页:图;26cm.-(普通高等教育"十五"国家级规划教材:教育部高职高专规划教材) |
| 使用对象:建筑装饰技术专业适用 |
| ISBN 7-112-06166-0:CNY32.00 |
| 本书讲述了墙面和柱面装饰工程、顶棚装饰工程、门窗装饰工程等建筑装饰施工技术,并阐述了建筑装饰施工组织与管理的内容。 |
| ● |
| 相关链接 |
|
|
|
正题名:建筑装饰施工与管理
索取号:TU767/Z088
 
预约/预借
| 序号 | 登录号 | 条形码 | 馆藏地/架位号 | 状态 | 备注 |
| 1 | 1282008 | 212820081 | 建筑库201/201建筑库 46排6列3层/ [索取号:TU767/Z088] | 在馆 | |
| 2 | 1303897 | 213038979 | 建筑库201/201建筑库 46排6列3层/ [索取号:TU767/Z088] | 在馆 | |
| 3 | 462243 | 204622435 | 建筑库201/201建筑库 46排6列3层/ [索取号:TU767/Z088] | 在馆 | |
| 4 | 462244 | 204622444 | 建筑库201/201建筑库 46排6列3层/ [索取号:TU767/Z088] | 在馆 | |
| 5 | 462245 | 204622453 | 建筑库201/201建筑库 46排6列3层/ [索取号:TU767/Z088] | 在馆 | |
| 6 | 462246 | 204622462 | 建筑库201/201建筑库 46排6列3层/ [索取号:TU767/Z088] | 在馆 | |
| 7 | 462247 | 204622471 | 建筑库201/201建筑库 46排6列3层/ [索取号:TU767/Z088] | 在馆 | |
| 8 | 465087 | 204650877 | 建筑库201/201建筑库 46排6列3层/ [索取号:TU767/Z088] | 在馆 | |
| 9 | 465088 | 204650886 | 建筑库201/201建筑库 46排6列3层/ [索取号:TU767/Z088] | 在馆 | |
| 10 | 472893 | 204728937 | 建筑库201/201建筑库 46排6列3层/ [索取号:TU767/Z088] | 在馆 | |
| 11 | 472894 | 204728946 | 建筑库201/201建筑库 46排6列3层/ [索取号:TU767/Z088] | 在馆 | |
| 12 | 472895 | 204728955 | 建筑库201/201建筑库 46排6列3层/ [索取号:TU767/Z088] | 在馆 | |
| 13 | 472896 | 204728964 | 建筑库201/201建筑库 46排6列3层/ [索取号:TU767/Z088] | 在馆 | |
| 14 | 472897 | 204728973 | 建筑库201/201建筑库 46排6列3层/ [索取号:TU767/Z088] | 在馆 | |
| 15 | 472898 | 204728982 | 建筑库201/201建筑库 46排6列3层/ [索取号:TU767/Z088] | 在馆 | |
| 16 | 472899 | 204728991 | 建筑库201/201建筑库 46排6列3层/ [索取号:TU767/Z088] | 在馆 | |
| 17 | 472900 | 204729008 | 建筑库201/201建筑库 46排6列3层/ [索取号:TU767/Z088] | 在馆 | |
| 18 | 472901 | 204729017 | 建筑库201/201建筑库 46排6列3层/ [索取号:TU767/Z088] | 在馆 | |
| 19 | 473445 | 204734458 | 建筑库201/201建筑库 46排6列3层/ [索取号:TU767/Z088] | 在馆 | |
| 20 | 487258 | 204872584 | 自科二线404/404自科库 2排5列4层/ [索取号:TU767/Z088] | 在馆 | |
| 21 | 487264 | 204872646 | 自科二线404/404自科库 2排5列4层/ [索取号:TU767/Z088] | 在馆 | |
| 22 | 487549 | 204875493 | 自科二线404/404自科库 2排5列4层/ [索取号:TU767/Z088] | 在馆 | |
| 23 | 488624 | 204886249 | 自科二线404/404自科库 3排1列2层/ [索取号:TU767/Z088] | 在馆 | |
| 24 | 527026 | 205270268 | 建筑库201/201建筑库 46排6列3层/ [索取号:TU767/Z088] | 在馆 | |
| 25 | 527027 | 205270277 | 建筑库201/201建筑库 46排6列3层/ [索取号:TU767/Z088] | 在馆 | |
| 26 | 527028 | 205270286 | 建筑库201/201建筑库 46排6列3层/ [索取号:TU767/Z088] | 在馆 |